| 000 | 01170nam a2200313 i 4500 | ||
|---|---|---|---|
| 003 | DO-SdBNP | ||
| 005 | 20230927140226.0 | ||
| 006 | a||||er|||| 00| 0 | ||
| 007 | ta | ||
| 008 | 220826e2022 dr ac||er|||| 001 jdspa d | ||
| 020 | _a9789945808626 | ||
| 040 |
_aDO-SdBNP _bspa _cBNPHU _erda |
||
| 082 | 4 |
_222 _bH557s |
|
| 100 | 1 |
_aHernández, Julio, _954787 _eautor |
|
| 245 | 1 | 0 |
_aSueños polinizados y encuentros extraordinarios. / _cJulio Hernández, Maniocatex Hernández, Mayobanex Hernándes Guarionex Hernández |
| 264 | 1 |
_aSanto Domingo : _bBúho, _c2022 |
|
| 300 |
_a114 páginas : _bIlustraciones, retratos _c23 cm. |
||
| 336 |
_2rdacontent _atexto _btxt |
||
| 337 |
_2rdamedia _asin mediación _bn |
||
| 338 |
_2rdacarrier _avolumen _bnc |
||
| 500 | _aPortada: Guarionex Hernández, basada en la obra "Caja de recuerdos". | ||
| 590 | _aInventariado 2023 / MF | ||
| 650 | 4 |
_978578 _aLiteratura _zRepública Dominicana |
|
| 650 | 4 |
_934565 _aCuentos Dominicanos _xColección |
|
| 700 | 1 |
_954788 _aHernández Rosario, Maniocatex, _eautor |
|
| 700 | 1 |
_aHernándes, Mayobanex, _982268 _eautor |
|
| 700 | 1 |
_aHernández, Guarionex, _982269 _eautor |
|
| 942 |
_2ddc _cLBS1 |
||
| 999 |
_c52333 _d52333 |
||